Icons Unmasked III Quiz Stats

 Plays Quiz Updated Nov 16, 2016

Score 0/24 Timer 07:00
6 Plays Today
% Correct
Chip 'n' Dale & Monterey Jack / The Chipmunks
99.2%
Tin Woodman / Iron Man
97.2%
Cookie Monster / Cookie Crook
96.8%
Popeye / Sailor Moon
96.5%
Papa Smurf / Santa Claus
96.1%
Dalek / R2D2
94.9%
Princess Aurora / Snorlax
94.2%
Pinocchio / Ultron
93.1%
Marge Simpson / Joy
93%
Velma Dinkley / Daria Morgendorffer / Meg Griffin
89.2%
Thing 1 / The Thing
86.4%
Gollum / Dobby
86.3%
% Correct
Beavis & Butt-Head / Bebop & Rocksteady
84.9%
Raphael / Squirtle
84.7%
Mom / Hillary Clinton
84.3%
Pepé Le Pew / Quagmire
84.2%
Robocop / Chief Wiggum
84%
Johnny Bravo / Zapp Brannigan
79.8%
Deathstroke / Deadpool
78.5%
Ariel / Ponyo
75.9%
Squidward Tentacles / Benson
72.9%
Anger / Kylo Ren
72.3%
Pete / Bluto
63.4%
Littlefoot / Arlo
50%

You're not logged in!

Compare scores with friends on all Sporcle quizzes.
OR
Log In

Sporcle TV

Today on Sporcle TV


Watch our educational content, quiz creation guides, and fun videos on Sporcle TV.

Show Comments

Extras

Top Quizzes Today


Score Distribution

Your Account Isn't Verified!

In order to create a playlist on Sporcle, you need to verify the email address you used during registration. Go to your Sporcle Settings to finish the process.

Report this User

Report this user for behavior that violates our Community Guidelines.

Details: